Complex IT project management: 16 steps to sucess

保存先:
書誌詳細
第一著者: Peter Schulte
フォーマット: 図書
言語:Undetermined
出版事項: Boca Raton Auerbach 2004
タグ: タグ追加
タグなし, このレコードへの初めてのタグを付けませんか!
Thư viện lưu trữ: Trung tâm Học liệu Trường Đại học Cần Thơ
LEADER 00422nam a2200157Ia 4500
001 CTU_65468
008 210402s9999 xx 000 0 und d
020 |b 1200000 
082 |a 004.684 
082 |b S386 
100 |a Peter Schulte 
245 0 |a Complex IT project management: 16 steps to sucess 
260 |a Boca Raton 
260 |b Auerbach 
260 |c 2004 
980 |a Trung tâm Học liệu Trường Đại học Cần Thơ